[Event "Tiger CUP-1"]
[Site "SchemingMind.com"]
[Date "2015.05.04"]
[Round "-"]
[White "Oskyrain"]
[Black "Ramesh Panwar"]
[Result "1/2-1/2"]
[WhiteCountry "ARG"]
[BlackCountry "IND"]
[WhiteElo "2474"]
[WhiteRD "78"]
[BlackElo "2393"]
[BlackRD "58"]
[GameID "379447"]

1. d4 Nf6 2. c4 e6 3. Nf3 b6 4. a3 Bb7 5. Nc3 d5 6. Bg5 Be7 7. Qa4+ Nbd7 8. Bxf6 Bxf6 9. cxd5 exd5 10. g3 O-O
11. Bh3 Nb8 12. O-O Nc6 13. Rfe1 Re8 14. Rad1 Na5 15. Bg2 Nc4 16. Qb3 Rb8 17. Ne5 Nxe5 18. dxe5 Bxe5 19. Nxd5 c6 20. Nc3 Qc7
21. Rd2 Rbd8 22. Red1 Rxd2 23. Rxd2 g6 24. e3 Re7 25. Qa4 a5 26. Qb3 Ba6 27. Na4 Bb5 28. Nxb6 Qxb6 29. a4 Rb7 30. axb5 Qxb5
31. Qa3 h5 32. Bf1 Qb6 33. b3 Bc3 34. Rd3 Bf6 35. Qd6 Kg7 36. h4 Be7 37. Qf4 Qc5 38. Qe4 Bf6 39. Qf3 Be5 40. Qd1 Qa3
41. Qc2 Qb2 42. Qxb2 Bxb2=
1/2-1/2

[Event "Tiger CUP-1"]
[Site "SchemingMind.com"]
[Date "2015.05.04"]
[Round "-"]
[White "Sahajaxx"]
[Black "Oskyrain"]
[Result "1/2-1/2"]
[WhiteCountry "ENG"]
[BlackCountry "ARG"]
[WhiteElo "2243"]
[WhiteRD "76"]
[BlackElo "2474"]
[BlackRD "78"]
[GameID "379454"]

1. Nf3 c5 2. b3 d5 3. e3 Nf6 4. Bb2 Nc6 5. Bb5 Bd7 6. O-O e6 7. Bxc6 Bxc6 8. Ne5 Qc7 9. Nxc6 Qxc6 10. d3 Be7
11. Nd2 O-O 12. a4 Nd7 13. Qg4 Bf6 14. Bxf6 Nxf6 15. Qe2 Rfd8 16. Rae1 b6 17. f4 a6 18. Nf3 b5 19. Ne5 Qc7 20. Ra1 b4
21. Rae1 Rac8 22. Rd1 a5 23. h3 Qe7 24. Kh2 g6 25. Qf3 Qc7 26. Rd2 Kg7 27. Rdf2 Nd7 28. Qg3 f6 29. Nf3 c4 30. Nd4 Nc5
31. Qg4 Kg8 32. Kg1 Re8 33. Qd1 Qd7 34. h4 f5 35. Rf3 Qe7 36. h5 g5 37. fxg5 Qxg5 38. Qe2 cxb3 39. cxb3 Kh8 40. Rc1 Qf6
41. Qc2 Rg8 42. h6 Qxh6 43. Nxf5 exf5 44. Qb2+ Qg7 45. Qxg7+ Kxg7 46. Rg3+ Kh8 47. Rxg8+ Kxg8 48. d4 Kf7 49. dxc5 Ke6 50. Kf2 Ke5
51. Ke2 d4 52. exd4+ Kxd4 53. c6 Rc7 54. Kf3 Kd5 55. Kf4 Rxc6=
1/2-1/2

[Event "Tiger CUP-1"]
[Site "SchemingMind.com"]
[Date "2015.05.04"]
[Round "-"]
[White "Ramesh Panwar"]
[Black "Sahajaxx"]
[Result "1/2-1/2"]
[WhiteCountry "IND"]
[BlackCountry "ENG"]
[WhiteElo "2355"]
[WhiteRD "54"]
[BlackElo "2189"]
[BlackRD "75"]
[GameID "379455"]

1. c4 e5 2. Nc3 Nf6 3. g3 d5 4. cxd5 Nxd5 5. Bg2 Nb6 6. Nf3 Nc6 7. O-O Be7 8. d3 O-O 9. a3 Be6 10. b4 a5
11. b5 Nd4 12. Rb1 f6 13. Nxd4 exd4 14. Na4 Bd5 15. Bh3 Qe8 16. Nxb6 cxb6 17. Bg2 Qd7 18. a4 Bxg2 19. Kxg2 Qd5+ 20. Kg1 Bc5
21. Qb3 Qxb3 22. Rxb3 Rfe8 23. Rb2 Rac8 24. Rc2 Bb4 25. Rxc8 Rxc8 26. Bb2 Rc2 27. Bxd4 Bc5 28. Bxc5 bxc5 29. b6 Rxe2 30. Rb1 Ra2=
1/2-1/2

[Event "Tiger CUP-1"]
[Site "SchemingMind.com"]
[Date "2015.05.06"]
[Round "-"]
[White "Oskyrain"]
[Black "Glenn O'Brien"]
[Result "1-0"]
[WhiteCountry "ARG"]
[BlackCountry "AUS"]
[WhiteElo "2474"]
[WhiteRD "79"]
[BlackElo "2051"]
[BlackRD "67"]
[GameID "379470"]

1. e4 e5 2. Nf3 Nc6 3. Bb5 a6 4. Ba4 Nf6 5. O-O Be7 6. Re1 b5 7. Bb3 O-O 8. c3 d6 9. h3 Na5 10. Bc2 c5
11. d4 Qc7 12. Nbd2 cxd4 13. cxd4 Nc6 14. Nb3 a5 15. Be3 a4 16. Nbd2 Bd7 17. Rc1 Qb7 18. Qe2 Rfe8 19. d5 Nb4 20. Bb1 Na6
21. a3 Rac8 22. b3 axb3 23. Nxb3 Rxc1 24. Rxc1 Rc8 25. Rxc8+ Qxc8 26. Bd3 Nc7 27. Qc2 Bd8 28. Na5 Qa6 29. Nc6 Bxc6 30. Qxc6 Qxa3
31. Bb6 g6 32. Bxc7 Qxd3 33. Bxd8 Qb1+ 34. Kh2 Qxe4 35. Be7 h6 36. Qa8+ Kh7 37. Qf8 Nh5 38. Qxf7+ Kh8 39. Qe8+ Kh7 40. Bxd6 Qf4+
41. Kh1 Qc1+ 42. Ng1 Ng7 43. Qe7 Qg5 44. Qc7 Kg8 45. Nf3 Qf5 46. Qd8+ Kh7 47. Bxe5
1-0

[Event "Tiger CUP-1"]
[Site "SchemingMind.com"]
[Date "2015.05.05"]
[Round "-"]
[White "Glenn O'Brien"]
[Black "Sahajaxx"]
[Result "0-1"]
[WhiteCountry "AUS"]
[BlackCountry "ENG"]
[WhiteElo "2053"]
[WhiteRD "70"]
[BlackElo "2243"]
[BlackRD "76"]
[GameID "379471"]

1. e4 c5 2. Nf3 e6 3. d4 cxd4 4. Nxd4 Nf6 5. Nc3 Nc6 6. Ndb5 Bb4 7. a3 Bxc3+ 8. Nxc3 d5 9. exd5 Nxd5 10. Bd2 O-O
11. Bd3 Qf6 12. O-O Nf4 13. Ne4 Qe5 14. Bxf4 Qxf4 15. Qh5 f5 16. Ng5 h6 17. Nf3 Bd7 18. Rfe1 Be8 19. Qh4 Qxh4 20. Nxh4 Bd7
21. Bc4 Rad8 22. Rxe6 Bxe6 23. Bxe6+ Kh7 24. Bxf5+ Kg8 25. Re1 g5 26. Be6+ Kg7 27. Nf3 Nd4 28. Nxd4 Rxd4 29. Bb3 g4 30. Kf1 Rd2
31. Re7+ Kh8 32. f3 gxf3 33. gxf3 Rxf3+ 34. Ke1 Rxh2 35. Rxb7 Rg3 36. Kf1 Rg7 37. Rb8+ Kh7 38. Bd5 Re7 39. c4 Ree2 40. Rb7+ Kg6
41. Rxa7 Rxb2 42. Re7 Rb1+ 43. Re1 Rxe1+ 44. Kxe1 Ra2 45. c5 Rxa3 46. c6 Ra5 47. Bf3 h5 48. Kf2 Kg5 49. Ke3 Ra3+ 50. Ke2 h4
51. Bg2 Kf4 52. Bh1 h3 53. Kd2 Ra7 54. Kc2 h2 55. Kb2 Ke5 56. Bg2 Kd6 57. Bf3 Rf7 58. Be4 Rf1 59. Kc3 h1=Q 60. Bxh1 Rxh1
61. Kc4 Kxc6 62. Kd4 Re1 63. Kd3 Kd5 64. Kd2 Re4 65. Kd3 Re8 66. Kc3 Re3+ 67. Kd2 Kd4 68. Kc2 Rd3 69. Kb2 Rc3 70. Kb1 Kd3
71. Kb2 Kc4 72. Ka2 Rc2+ 73. Ka1 Kb3 74. Kb1 Rc3 75. Ka1 Rc1#
0-1

[Event "Tiger CUP-1"]
[Site "SchemingMind.com"]
[Date "2015.05.05"]
[Round "-"]
[White "Ramesh Panwar"]
[Black "Glenn O'Brien"]
[Result "1-0"]
[WhiteCountry "IND"]
[BlackCountry "AUS"]
[WhiteElo "2359"]
[WhiteRD "55"]
[BlackElo "2104"]
[BlackRD "75"]
[GameID "379472"]

1. c4 e5 2. Nc3 Nf6 3. Nf3 Nc6 4. g3 d5 5. cxd5 Nxd5 6. Bg2 Nb6 7. O-O Be7 8. d3 O-O 9. a3 Be6 10. Be3 f5
11. Rc1 Re8 12. Re1 Nd5 13. Nxd5 Bxd5 14. Bc5 e4 15. dxe4 fxe4 16. Bxe7 Nxe7 17. Nd2 Nf5 18. Nb1 Bc6 19. Qb3+ Kh8 20. e3 Qf6
21. Rc5 b6 22. Rc3 Re6 23. Qc2 Rf8 24. Rc1 Ne7 25. Rc4 b5 26. Rc5 Qh6 27. Nc3 Rf5 28. Rxf5 Nxf5 29. Nxe4 Nxe3 30. Qc5 Kg8
31. fxe3 Rxe4 32. Bxe4 Bxe4 33. Qd4 Bc6 34. Qd8+ Kf7 35. Qxc7+ Kg8 36. Qxc6 Qxe3+ 37. Kg2 Qe2+ 38. Kh1
1-0

[Event "Tiger CUP-1"]
[Site "SchemingMind.com"]
[Date "2015.05.10"]
[Round "-"]
[White "opageo"]
[Black "Oskyrain"]
[Result "0-1"]
[WhiteCountry "SCO"]
[BlackCountry "ARG"]
[WhiteElo "2158"]
[WhiteRD "97"]
[BlackElo "2492"]
[BlackRD "81"]
[GameID "379678"]

1. d4 Nf6 2. Bg5 Ne4 3. Bf4 c5 4. f3 Qa5+ 5. c3 Nf6 6. Nd2 cxd4 7. Nb3 Qb6 8. Qxd4 Nc6 9. Qxb6 axb6 10. Bg5 d5
11. Nd4 Bd7 12. Nb5 Kd8 13. a3 e6 14. Rd1 Ne5 15. e4 Ra5 16. Nd4 dxe4 17. fxe4 Kc8 18. Bxf6 gxf6 19. Nh3 Ng4 20. Nf2 Ne3
21. Rd2 Bh6 22. Rd3 f5 23. exf5 Re5 24. Nd1 Nc2+ 25. Kf2 Nxd4 26. Rxd4 Rxf5+ 27. Ke1 Bc6 28. Bd3 Rg5 29. Rg1 Rh5 30. h3 Bg7
31. Rc4 Rd8 32. Be2 Re5 33. Nf2 f5 34. g4 b5 35. Rf4 Bf8 36. gxf5 Bh6 37. Rh4 Bd2+ 38. Kf1 Rxf5 39. Rh5 Rf6 40. Rg2 Be3
41. Rh2 Rd2 42. Ke1 Rxb2 43. Ng4 Bd2+ 44. Kd1 Rf8 45. Ne5 Be3 46. Rh4 Rd8+ 47. Nd3 Ra2 48. Rg4 Bd5 49. Ke1 Ra1+ 50. Bd1 Bf3
51. Re2 Bxg4 52. hxg4 Rxd3 53. Rxe3 Rxe3+ 54. Kd2 Rg3 55. a4 Rg2+ 56. Be2 Ra2+ 57. Kd3 Rgxe2 58. axb5 Rad2+ 59. Kc4 Re4+ 60. Kb3 Rxg4
61. b6 h6 62. c4 h5 63. Kb4 Rdd4 64. Kb5 Rxc4 65. Ka5 Rg5#
0-1

[Event "Tiger CUP-1"]
[Site "SchemingMind.com"]
[Date "2015.05.11"]
[Round "-"]
[White "Glenn O'Brien"]
[Black "opageo"]
[Result "0-1"]
[WhiteCountry "AUS"]
[BlackCountry "SCO"]
[WhiteElo "2013"]
[WhiteRD "68"]
[BlackElo "2158"]
[BlackRD "97"]
[GameID "379679"]

1. e4 c6 2. d4 d5 3. Nc3 dxe4 4. Nxe4 Nf6 5. Nxf6+ exf6 6. c3 Bd6 7. Bd3 Be6 8. Ne2 Qc7 9. Qc2 Nd7 10. Be3 O-O-O
11. g3 Rhe8 12. O-O h5 13. Rfe1 h4 14. c4 hxg3 15. hxg3 Rh8 16. c5 Bd5 17. Be4 Bxe4 18. Qxe4 Bf8 19. Bf4 Qa5 20. Nc3 Qb4
21. Re2 g6 22. Rae1 Bh6 23. Bd6 f5 24. Qe7 Qxd4 25. Qxf7 Bd2 26. Qxg6 Bxe1 27. Rxe1 Qd2 28. Rb1 Qd3 29. Kg2 Rdg8 30. Qe6 Re8
31. Be7 f4 32. Rd1 f3+ 33. Kg1 Rxe7 34. Qxe7 Qf5 35. Qxd7+ Qxd7 36. Rxd7 Kxd7 37. Ne4 b6 38. cxb6 axb6 39. Nd2 Re8 40. Nxf3 Re2
41. b4 Rxa2 42. Ne5+ Kd6 43. Nc4+ Kc7 44. f4 Ra4 45. Ne3 Rxb4 46. Kf2 b5 47. Kf3 Rd4 48. Nf5 Rd7 49. Ne3 b4 50. Ke2 b3
51. Nc4 Rd5 52. Nb2 Rc5 53. Kd3 Rc2 54. Na4 c5 55. Nc3 Rc1 56. Na4 c4+ 57. Kd2 Rc2+ 58. Ke3 Ra2 59. Nc3 b2 60. Kd4 Ra1
61. Kxc4 Rc1 62. Kb3 Rxc3+ 63. Kxb2 Rxg3 64. f5 Kd6 65. Kc2 Ke5 66. f6 Kxf6 67. Kd2 Ke5 68. Ke2 Ke4 69. Kd2 Ra3 70. Kc2 Kd4
71. Kb2 Rg3 72. Kc2 Rh3 73. Kb2 Kc4 74. Kc2 Rh2+ 75. Kd1 Kd3 76. Ke1 Rb2 77. Kf1 Ke3 78. Kg1 Kf3 79. Kh1 Kg3 80. Kg1 Rb1#
0-1

[Event "Tiger CUP-1"]
[Site "SchemingMind.com"]
[Date "2015.05.10"]
[Round "-"]
[White "Ramesh Panwar"]
[Black "opageo"]
[Result "1-0"]
[WhiteCountry "IND"]
[BlackCountry "SCO"]
[WhiteElo "2393"]
[WhiteRD "58"]
[BlackElo "2134"]
[BlackRD "99"]
[GameID "379680"]

1. e4 c6 2. d4 d5 3. Nc3 dxe4 4. Nxe4 Nf6 5. Nxf6+ exf6 6. Nf3 Bd6 7. Bd3 O-O 8. O-O Re8 9. h3 Nd7 10. c4 Nf8
11. Re1 Rxe1+ 12. Qxe1 Be6 13. Bd2 Qd7 14. Bb4 Bc7 15. Qe4 Ng6 16. Re1 f5 17. Qe3 a5 18. Bd2 b6 19. Be2 Rd8 20. Qc3 Nf4
21. Bf1 h6 22. b3 Ng6 23. Qd3 Qd6 24. g3 f4 25. g4 Qd7 26. Bc3 Qd6 27. Qe4 b5 28. d5 cxd5 29. Qd4 f6 30. cxb5 Bf7
31. a4 Bb6 32. Qd2 d4 33. Bxa5 Bxa5 34. Qxa5 Ne5 35. Nxe5 fxe5 36. Bd3 Re8 37. b6 h5 38. Qb5 hxg4 39. b7 gxh3 40. Rxe5 Rb8
41. a5 Rf8 42. a6 Rb8 43. a7 h2+ 44. Kxh2
1-0

[Event "Tiger CUP-1"]
[Site "SchemingMind.com"]
[Date "2015.05.10"]
[Round "-"]
[White "Sahajaxx"]
[Black "opageo"]
[Result "1-0"]
[WhiteCountry "ENG"]
[BlackCountry "SCO"]
[WhiteElo "2243"]
[WhiteRD "76"]
[BlackElo "2134"]
[BlackRD "99"]
[GameID "379681"]

1. Nf3 Nf6 2. c4 e6 3. g3 d5 4. b3 Nc6 5. Bg2 e5 6. cxd5 Nxd5 7. Bb2 f6 8. O-O Be6 9. Nc3 Be7 10. Rc1 O-O
11. Ne4 f5 12. Nc5 Bxc5 13. Rxc5 e4 14. Ne1 Qd6 15. Rc1 Rad8 16. d3 Qe7 17. Qd2 Rfe8 18. dxe4 fxe4 19. Bxe4 Ndb4 20. Nd3 Nxa2
21. Rxc6 bxc6 22. Bxc6 Bh3 23. Bxe8 Bxf1 24. Kxf1 Rxe8 25. Ba1 Qa3 26. Qc2 a5 27. Kg2 h6 28. Nf4 Re7 29. Qc4+ Kh7 30. Qd3+ Kg8
31. Qd5+ Rf7 32. Ng6 Qd6 33. Qe4 Qd7 34. Qa8+ Kh7 35. Ne5 Qe6 36. Nxf7 Qxf7 37. Qxa5 Nc1 38. Be5 c6 39. Qc5 Qd5+ 40. Qxd5 cxd5
41. b4 Nxe2 42. Bb2
1-0

[Event "Tiger CUP-1"]
[Site "SchemingMind.com"]
[Date "2015.05.13"]
[Round "-"]
[White "Oskyrain"]
[Black "Mirta Crevani"]
[Result "1-0"]
[WhiteCountry "ARG"]
[BlackCountry "ARG"]
[WhiteElo "2474"]
[WhiteRD "78"]
[BlackElo "2110"]
[BlackRD "85"]
[GameID "379732"]

1. d4 f5 2. g3 e6 3. c4 Nf6 4. Nc3 g6 5. Bg2 Bg7 6. Bg5 h6 7. Bxf6 Qxf6 8. e3 d6 9. Nge2 c6 10. O-O O-O
11. b4 e5 12. b5 e4 13. g4 Be6 14. gxf5 gxf5 15. bxc6 bxc6 16. f3 Qg5 17. Qc1 Bxc4 18. fxe4 Nd7 19. Rf3 Bxe2 20. Nxe2 fxe4
21. Rg3 Qb5 22. Nc3 Qb6 23. Rb1 Qa6 24. Bf1 Qc8 25. Nxe4 d5 26. Rb2 dxe4 27. Rbg2 Kh8 28. Rxg7 Rb8 29. Qa1 Nf6 30. d5 Qf5
31. dxc6 Rb6 32. Qc3
1-0

[Event "Tiger CUP-1"]
[Site "SchemingMind.com"]
[Date "2015.05.12"]
[Round "-"]
[White "Mirta Crevani"]
[Black "Glenn O'Brien"]
[Result "1/2-1/2"]
[WhiteCountry "ARG"]
[BlackCountry "AUS"]
[WhiteElo "2110"]
[WhiteRD "85"]
[BlackElo "2053"]
[BlackRD "70"]
[GameID "379733"]

1. c4 e5 2. Nc3 Nf6 3. g3 Bb4 4. Bg2 O-O 5. Nf3 Nc6 6. O-O e4 7. Ng5 Bxc3 8. dxc3 Re8 9. Nh3 Ne5 10. b3 d6
11. Nf4 Bf5 12. Nd5 h6 13. Be3 c6 14. Nxf6+ Qxf6 15. Qd4 c5 16. Qd5 Nc6 17. Rad1 Rad8 18. Qd2 Qe6 19. Qd5 Qc8 20. h4 Ne7
21. Qd2 b6 22. Qc1 Qe6 23. Kh2 d5 24. cxd5 Nxd5 25. c4 Nf6 26. Qc3 Ng4+ 27. Kg1 Qf6 28. Qxf6 Nxf6 29. Bc1 Rxd1 30. Rxd1 Kh8
31. Bb2 h5 32. Bxf6 gxf6 33. e3 Bg4 34. Rd2 Kg7 35. Kh2 f5 36. Rd5 Kf6 37. Bh3 Ke6 38. Bxg4 hxg4 39. Kg2 a5 40. a4 Rb8=
1/2-1/2

[Event "Tiger CUP-1"]
[Site "SchemingMind.com"]
[Date "2015.05.12"]
[Round "-"]
[White "opageo"]
[Black "Mirta Crevani"]
[Result "1/2-1/2"]
[WhiteCountry "SCO"]
[BlackCountry "ARG"]
[WhiteElo "2158"]
[WhiteRD "97"]
[BlackElo "2064"]
[BlackRD "85"]
[GameID "379734"]

1. d4 f5 2. Bg5 Nf6 3. Nc3 d5 4. e3 e6 5. Be2 c6 6. Nf3 Bd6 7. O-O O-O 8. Bf4 Bxf4 9. exf4 b6 10. Re1 Bb7
11. Qc1 Nbd7 12. Qe3 Qe7 13. Bd3 Ne4 14. a4 a5 15. Ra3 Kh8 16. Rb3 Rg8 17. Ne5 Nxe5 18. fxe5 Qc7 19. f3 Nxc3 20. Rxc3 g5
21. Re2 g4 22. f4 Qe7 23. Rd2 Rgb8 24. Rf2 Qd7 25. Qg3 Qe7= 26. Rb3 Ba6 27. Bxa6 Rxa6 28. Qd3 Raa8 29. c4 Qd7 30. cxd5 Qxd5
31. Rc2 Ra7 32. Qc4 Rd7 33. Qxd5 Rxd5 34. Rxc6 Rxd4 35. g3 Rxa4 36. Rxe6 b5 37. Re3 Ra1+ 38. Kf2 b4 39. Rf6 Ra2 40. Re2 a4
41. e6 Kg7 42. Rf7+ Kg6 43. Rd7 a3 44. e7 Re8 45. bxa3 Rxe2+ 46. Kxe2 bxa3 47. Ra7 Kf7 48. Rxa3 Rxe7+ 49. Kd3 Rd7+ 50. Ke3 Re7+
51. Kf2 Rd7 52. Ke3=
1/2-1/2

[Event "Tiger CUP-1"]
[Site "SchemingMind.com"]
[Date "2015.05.12"]
[Round "-"]
[White "Sahajaxx"]
[Black "Mirta Crevani"]
[Result "1-0"]
[WhiteCountry "ENG"]
[BlackCountry "ARG"]
[WhiteElo "2243"]
[WhiteRD "76"]
[BlackElo "2110"]
[BlackRD "85"]
[GameID "379735"]

1. Nf3 f5 2. g3 Nf6 3. d4 e6 4. Bg2 Be7 5. c4 O-O 6. O-O d6 7. Nc3 Qe8 8. Qc2 Qh5 9. h3 Nc6 10. Rd1 e5
11. dxe5 dxe5 12. Nd5 e4 13. Nf4 Qe8 14. Nd4 Nxd4 15. Rxd4 Bc5 16. Rd1 Be6 17. Nxe6 Qxe6 18. Rb1 a5 19. e3 Rfd8 20. b3 Nd7
21. Bb2 Be7 22. g4 g6 23. gxf5 gxf5 24. f3 exf3 25. Bxf3 c6 26. e4 Ne5 27. Qg2+ Kh8 28. exf5 Qxf5 29. Rf1 Bf6 30. Bg4 Qg6
31. Rxf6 Qxf6 32. Qe2 Re8 33. Re1 Qg5 34. Bxe5+ Kg8 35. Qe3 Qxe3+ 36. Rxe3 a4 37. b4 Rad8 38. Bh5
1-0

[Event "Tiger CUP-1"]
[Site "SchemingMind.com"]
[Date "2015.05.11"]
[Round "-"]
[White "Mirta Crevani"]
[Black "Ramesh Panwar"]
[Result "0-1"]
[WhiteCountry "ARG"]
[BlackCountry "IND"]
[WhiteElo "2110"]
[WhiteRD "85"]
[BlackElo "2393"]
[BlackRD "58"]
[GameID "379736"]

1. c4 e5 2. Nc3 Nf6 3. g3 d5 4. cxd5 Nxd5 5. Bg2 Nb6 6. e3 Nc6 7. Nge2 Bf5 8. d4 Nb4 9. O-O Bc2 10. Qe1 Bg6
11. f4 exd4 12. Nxd4 c5 13. f5 Bh5 14. f6 gxf6 15. Ne4 Nd7 16. Nf5 Nc2 17. Ned6+ Bxd6 18. Nxd6+ Kf8 19. Qf2 Nxa1 20. b4 cxb4
21. Bb2 Bg6 22. Bxa1 Qe7 23. Qf4 Kg7 24. Bxb7 Rab8 25. g4 h6 26. h4 Qe6 27. h5 Ne5 28. hxg6 Qxd6 29. Bd5 Rb6 30. Bxe5 Qxe5
31. Qxe5 fxe5 32. gxf7 a5 33. Rc1 a4 34. Rb1 e4 35. Rb2 Rd8 36. Bc4 Rc8 37. Bd5 Rc5 38. Bxe4 b3 39. axb3 Rxb3 40. Rf2 Kf8
0-1

[Event "Tiger CUP-1"]
[Site "SchemingMind.com"]
[Date "2015.05.13"]
[Round "-"]
[White "David Perna-Fraser"]
[Black "Oskyrain"]
[Result "1/2-1/2"]
[WhiteCountry "CAN"]
[BlackCountry "ARG"]
[WhiteElo "2316"]
[WhiteRD "62"]
[BlackElo "2474"]
[BlackRD "79"]
[GameID "379753"]

1. e4 c5 2. Nf3 d6 3. d4 cxd4 4. Nxd4 Nf6 5. Nc3 g6 6. Be3 Bg7 7. f3 Nc6 8. Qd2 O-O 9. O-O-O d5 10. exd5 Nxd5
11. Nxc6 bxc6 12. Nxd5 cxd5 13. Qxd5 Qc7 14. Qc5 Qb7 15. b3 Bf5 16. Bd3 Rac8 17. Qa5 Rc3 18. Bxf5 Rxe3 19. Be4 Qc8 20. g4 Qe6
21. Rd8 Qf6 22. Rxf8+ Bxf8 23. Rd1 h6 24. Qxa7 Qa1+ 25. Kd2 Qc3+ 26. Kc1 Bg7 27. Qa8+ Kh7 28. Qc6 Qe5 29. Qc4 e6 30. h4 f5
31. Bd3 Rxf3 32. h5 gxh5 33. gxf5 exf5 34. Qb5 Qa1+ 35. Kd2 Qd4 36. Kc1 Qf6 37. Qc5 h4 38. Rh1 h5 39. Kd2 Bf8 40. Qc7+ Kg6
41. Rg1+ Kh6 42. Ke2 Bd6 43. Qa5 Rf4 44. Rf1 Bb4 45. Qa7 Rd4 46. Qb8 h3 47. Qg3 Rg4 48. Qxh3 f4 49. Qf3 Qe5+ 50. Kd1 Qc3
51. Qf2 Bc5 52. Qd2 Qa1+ 53. Qc1 Qe5 54. Qd2 h4 55. Bc4 Qa1+ 56. Qc1 Qxc1+ 57. Kxc1 Kg5 58. Kd2 Rg2+ 59. Be2 h3 60. Kd3 Rg3+
61. Bf3 h2 62. Ke2 Kh4 63. c3 Kh3 64. Bh1 Re3+ 65. Kd2 Kg3 66. a4 Be7 67. a5 Bf6 68. a6 Bxc3+ 69. Kc2 Bd4 70. Rd1 f3
71. Rxd4 f2 72. Rd1 Re1 73. Rd3+ Kg4 74. Rf3 Rxh1 75. Rxf2 Rc1+ 76. Kxc1 h1=Q+ 77. Kb2=
1/2-1/2

[Event "Tiger CUP-1"]
[Site "SchemingMind.com"]
[Date "2015.05.12"]
[Round "-"]
[White "Glenn O'Brien"]
[Black "David Perna-Fraser"]
[Result "0-1"]
[WhiteCountry "AUS"]
[BlackCountry "CAN"]
[WhiteElo "2053"]
[WhiteRD "70"]
[BlackElo "2305"]
[BlackRD "61"]
[GameID "379754"]

1. e4 e5 2. Nf3 Nf6 3. Nxe5 d6 4. Nf3 Nxe4 5. d4 d5 6. Bd3 Bd6 7. O-O O-O 8. c4 c6 9. cxd5 cxd5 10. Nc3 Nxc3
11. bxc3 Nc6 12. h3 Re8 13. Rb1 h6 14. Re1 b6 15. Rxe8+ Qxe8 16. Rb2 Be6 17. Re2 Qd7 18. Ne5 Nxe5 19. dxe5 Be7 20. Qc2 d4
21. cxd4 Qxd4 22. Bb2 Qc5 23. Qa4 Rd8 24. Qe4 g6 25. Rc2 Qd5 26. Qxd5 Rxd5 27. Bc4 Rc5 28. Bb3 Rxc2 29. Bxc2 Bxa2 30. Bd4 Bd8
31. Be3 h5 32. f4 a5 33. g4 b5 34. gxh5 gxh5 35. Bd1 b4 36. Ba4 f6 37. Be8 fxe5 38. fxe5 h4 39. Bd4 Be6 40. Kg2 Bc7
41. Ba4 Kf7 42. Bc6 Bb3 43. Kf3 a4 44. Bb5 a3 45. Kg4 Bd8 46. Kf3 Be6 47. Kg2 b3 48. Be2 b2 49. Bd3 Ba2 50. Be4 b1=Q
51. Bxb1 Bxb1 52. Kf3 Ke6 53. Kf4 Bf5 54. Bc5 a2 55. Bd4 Bxh3
0-1

[Event "Tiger CUP-1"]
[Site "SchemingMind.com"]
[Date "2015.05.11"]
[Round "-"]
[White "David Perna-Fraser"]
[Black "opageo"]
[Result "1-0"]
[WhiteCountry "CAN"]
[BlackCountry "SCO"]
[WhiteElo "2305"]
[WhiteRD "61"]
[BlackElo "2134"]
[BlackRD "99"]
[GameID "379755"]

1. e4 c6 2. d4 d5 3. Nc3 dxe4 4. Nxe4 Nf6 5. Nxf6+ exf6 6. Bc4 Qe7+ 7. Be2 Qc7 8. Nf3 Bd6 9. O-O O-O 10. c4 c5
11. d5 Re8 12. h3 Bf5 13. Bd3 Bxd3 14. Qxd3 Nd7 15. Bd2 Ne5 16. Nxe5 Bxe5 17. Rab1 Re7 18. a3 Rae8 19. b4 b6 20. bxc5 bxc5
21. Rfe1 Qd6 22. g3 h6 23. Kg2 Qd7 24. Rb5 Qd6 25. a4 a6 26. Rb3 Rb8 27. Reb1 Qd8 28. Rxb8 Bxb8 29. a5 Ba7 30. Bf4 Qxa5
31. Bb8 Bb6 32. d6 Re8 33. d7 Rd8 34. Qe4
1-0

[Event "Tiger CUP-1"]
[Site "SchemingMind.com"]
[Date "2015.05.12"]
[Round "-"]
[White "Mirta Crevani"]
[Black "David Perna-Fraser"]
[Result "1/2-1/2"]
[WhiteCountry "ARG"]
[BlackCountry "CAN"]
[WhiteElo "2110"]
[WhiteRD "85"]
[BlackElo "2305"]
[BlackRD "61"]
[GameID "379756"]

1. c4 f5 2. g3 Nf6 3. Bg2 e6 4. Nf3 Be7 5. O-O O-O 6. d3 d6 7. Nc3 e5 8. Rb1 a5 9. a3 Na6 10. b4 axb4
11. axb4 c6 12. b5 Nc7 13. bxc6 bxc6 14. Be3 Ne6 15. Bb6 Qd7 16. c5 Nd5 17. Nxd5 cxd5 18. Qb3 Bb7 19. cxd6 Bxd6 20. Nd2 Ra3
21. Qb2 Rfa8 22. Ra1 Rxa1 23. Rxa1 Rxa1+ 24. Qxa1 Qb5 25. Qa5 Qxa5 26. Bxa5 Kf8 27. Kf1 g6 28. Ke1 Ke7 29. Nb3 Nc5 30. Nxc5 Bxc5
31. e3 Ke6 32. Kd2 Ba6 33. Bc3=
1/2-1/2

[Event "Tiger CUP-1"]
[Site "SchemingMind.com"]
[Date "2015.05.11"]
[Round "-"]
[White "David Perna-Fraser"]
[Black "Sahajaxx"]
[Result "1-0"]
[WhiteCountry "CAN"]
[BlackCountry "ENG"]
[WhiteElo "2273"]
[WhiteRD "57"]
[BlackElo "2189"]
[BlackRD "75"]
[GameID "379757"]

1. e4 e6 2. d4 d5 3. exd5 exd5 4. Nf3 Nc6 5. Bb5 Bd6 6. c4 dxc4 7. O-O Ne7 8. Bxc4 O-O 9. h3 Nf5 10. Be3 Qf6
11. Nc3 Re8 12. Qd2 h6 13. Rae1 Bd7 14. a3 Rad8 15. b4 a6 16. Nd5 Qg6 17. Bd3 Qe6 18. Nc3 Nxe3 19. Rxe3 Qb3 20. Qc1 Bf4
21. Be4 Bxe3 22. fxe3 Rxe4 23. Nxe4 Qd5 24. Nc5 Bc8 25. Rf2 b6 26. Rc2 Ne7 27. Nd3 c6 28. Nf4 Qd6 29. Ne5 Bb7 30. Rf2 Nd5
31. Nxf7
1-0

[Event "Tiger CUP-1"]
[Site "SchemingMind.com"]
[Date "2015.05.11"]
[Round "-"]
[White "Ramesh Panwar"]
[Black "David Perna-Fraser"]
[Result "1/2-1/2"]
[WhiteCountry "IND"]
[BlackCountry "CAN"]
[WhiteElo "2355"]
[WhiteRD "54"]
[BlackElo "2273"]
[BlackRD "57"]
[GameID "379758"]

1. d4 f5 2. Nf3 Nf6 3. e3 e6 4. b3 c5 5. Be2 Be7 6. O-O O-O 7. c4 cxd4 8. Nxd4 Nc6 9. Ba3 Bxa3 10. Nxa3 a6
11. Nb1 Qc7 12. Nc3 b6 13. Rc1 Bb7 14. Nd5 Qd8 15. Nxf6+ Qxf6 16. Bf3 Qe7 17. Qd2 Rab8 18. Ne2 Ne5 19. Bxb7 Rxb7 20. Rfd1 Ng4
21. f3 Ne5 22. h3 Rc8 23. Nc3 Ng6 24. Qd4 Rc6 25. Ne2 Qc5 26. Qxc5 Rxc5 27. Kf2 Kf7 28. Rd2 Ke7 29. a4 Ne5 30. g4 fxg4
31. f4 Nc6 32. hxg4 b5 33. cxb5 Rxc1 34. bxa6 Rxb3 35. Nxc1 Rb6 36. Nd3 Rxa6 37. Nc5 Ra7 38. Rb2 h6 39. Rb1=
1/2-1/2

[Event "Tiger CUP-1"]
[Site "SchemingMind.com"]
[Date "2015.05.19"]
[Round "-"]
[White "opageo"]
[Black "Mike Smith"]
[Result "1-0"]
[WhiteCountry "SCO"]
[BlackCountry "ENG"]
[WhiteElo "2158"]
[WhiteRD "97"]
[BlackElo "2029"]
[BlackRD "89"]
[GameID "379976"]

1. d4 Nf6 2. f4 c5 3. dxc5 Na6 4. e4 Nxe4 5. Bxa6 Qa5+ 6. Nd2 Nxd2 7. Bxd2 Qxa6 8. Be3 e6 9. Nf3 Be7 10. Qe2 Qxe2+
11. Kxe2 d5 12. cxd6 Bxd6 13. Rhd1 Bc7 14. Rd4 b6 15. Rad1 Ba6+ 16. c4 Rd8 17. Rxd8+ Bxd8 18. b3 Bc7 19. a3 Ke7 20. Ne5 Bxe5
21. fxe5 f6 22. Bd2 Rd8 23. Bb4+ Ke8 24. Rxd8+ Kxd8 25. Bf8 fxe5 26. Bxg7 Bb7 27. g4 e4 28. h4 Ke7 29. Be5 Bc6 30. Ke3 a6
31. h5 Kf7 32. a4 b5 33. cxb5 axb5 34. a5 Bd5 35. b4 Bb7 36. g5 Bd5 37. a6 Bc6 38. Kd4 Bd5 39. Bf4 Ba8 40. Kc5 e5
41. Be3 Ke6 42. Kxb5 Kf5 43. Kc5
1-0

[Event "Tiger CUP-1"]
[Site "SchemingMind.com"]
[Date "2015.05.23"]
[Round "-"]
[White "Mike Smith"]
[Black "Mirta Crevani"]
[Result "0-1"]
[WhiteCountry "ENG"]
[BlackCountry "ARG"]
[WhiteElo "2036"]
[WhiteRD "84"]
[BlackElo "2091"]
[BlackRD "82"]
[GameID "379977"]

1. c4 e5 2. Nc3 Nf6 3. g3 Bb4 4. Bg2 Bxc3 5. bxc3 O-O 6. Nf3 Re8 7. O-O c6 8. d4 e4 9. Nd2 d5 10. Rb1 b6
11. cxd5 cxd5 12. c4 Be6 13. cxd5 Bxd5 14. a3 e3 15. fxe3 Bxg2 16. Kxg2 Nd5 17. Nc4 Nc3 18. Qd3 Nxb1 19. Bb2 Nxa3 20. Bxa3 Qd5+
21. Kg1 Nd7 22. Nd6 Nf6 23. Rf5 Qe6 24. Nxe8 Rxe8 25. Re5 Qd7 26. Rxe8+ Qxe8 27. Kg2 Qc6+ 28. Kg1 a5 29. Be7 Nd5 30. Ba3 Qc3
31. Qxc3 Nxc3 32. Kf2 b5 33. e4 b4 34. Bc1 b3 35. Ke3 Na4 36. Kd3 b2 37. Bxb2 Nxb2+ 38. Kc2 Na4 39. e5 Nb6 40. e4 Kf8
41. Kc3 Ke7 42. Kb3 Kd7 43. g4 Kc6 44. g5 Kb5 45. h4 Kc6 46. Kc3 g6 47. Kb3 Kb5 48. Kc3 a4 49. d5 Nc4 50. e6 fxe6
51. dxe6 Nd6 52. e7 Ne8
0-1